000 00566cam a22002053a 4500
001 41586
003 PGUSA
005 20140828083935.0
008 121209s2012||||xxu|||||s|||||000 | eng d
040 _aPGUSA
_beng
042 _adc
100 1 _aLeinster, Murray,
_d1896-1975
245 1 4 _aThe Red Dust
_h[electronic resource] /
_cMurray Leinster
260 _bProject Gutenberg,
_c2012
506 _aPublic domain in the USA.
516 _aElectronic text
830 0 _aProject Gutenberg
_v41586
856 4 0 _uhttp://www.gutenberg.org/ebooks/41586
942 _cEB
999 _c270838
_d270838